000
00400nam a2200145Ia 4500
008
200619s9999 xx 000 0 und d
020
_a
8171679935
082
_a
923.2GEO
100
_a
Varghese K. George
245
0
_a
Jayapraksh Narayan –The Eternal Rebel
264
_a
New Delhi
_b
Rupa & Company
_c
2002
300
_a
64
942
_c
IR
999
_c
119613
_d
119613